[Event "AUTO-MASTER-13"]
[Site "http://www.queenalice.com/game.php?id=42599"]
[Date "2005.12.9"]
[Round "2"]
[White "Gambitshark"]
[Black "Willy"]
[Result "1-0"]
[WhiteElo "2236"]
[BlackElo "1862"]

1. e4 c5 2. Nf3 Nc6 3. d4 cxd4 4. Nxd4 Nxd4 5. Qxd4 a6 6. e5 d6 7. Nc3 dxe5 8.
Qxe5 Nf6 9. Bg5 Ng4 10. Qg3 f6 11. Rd1 Qb6 12. Nd5 Qxb2 13. Bc4 e5 14. Nc7+ Ke7
15. O-O fxg5 16. Qd3 Qd4 17. Qa3+ Kf6 18. Qf3+ Qf4 19. Nd5+ Kg6 20. Nxf4+ gxf4
21. Rd8 h5 22. Qd5 h4 23. Qf7+ 1-0

[Event "AUTO-MASTER-13"]
[Site "http://www.queenalice.com/game.php?id=42600"]
[Date "2005.12.9"]
[Round "2"]
[White "Willy"]
[Black "Gambitshark"]
[Result "0-1"]
[WhiteElo "1909"]
[BlackElo "2268"]

1. e4 c5 2. f4 Nc6 3. Nf3 e6 4. Bb5 Nge7 5. O-O g6 6. e5 Bg7 7. c3 a6 8. Ba4 b5
9. Bc2 O-O 10. d4 cxd4 11. cxd4 Nb4 12. Be4 d5 13. exd6 Ned5 14. a3 Nc6 15. Nc3
Qxd6 16. Bxd5 exd5 17. h3 Na5 18. b4 Nc4 19. Ne5 Re8 20. Qf3 Bb7 21. Qg3 Rac8
22. Ra2 Qb6 23. Ne2 Nxe5 24. fxe5 Rxe5 25. Be3 Re7 26. Kh1 Rec7 27. Qf4 Qe6 28.
Ng3 Rc2 29. Rxc2 Rxc2 30. Rc1 Rxc1+ 31. Bxc1 Qe1+ 32. Kh2 Bc6 33. Be3 h6 34.
Qb8+ Kh7 35. Qf4 Be8 36. h4 Qc3 37. Ne2 Qxa3 38. Bd2 Qd3 39. Qe3 Qxe3 40. Bxe3
Bf8 41. Bd2 Bd6+ 42. g3 g5 43. hxg5 hxg5 44. Nc1 Kg6 45. Nd3 Kf5 46. Bc3 f6 47.
Kg2 Ke4 48. Nb2 Ke3 0-1

[Event "AUTO-MASTER-13"]
[Site "http://www.queenalice.com/game.php?id=42603"]
[Date "2005.12.9"]
[Round "2"]
[White "erasmus"]
[Black "Willy"]
[Result "0-1"]
[WhiteElo "1562"]
[BlackElo "1874"]

1. e4 c5 2. Nf3 Nc6 3. d4 cxd4 4. Nxd4 Nxd4 5. Qxd4 e6 6. Nc3 a6 7. Be3 Nf6 8.
e5 Ng8 9. O-O-O Ne7 10. Be2 Nc6 11. Qe4 Bb4 12. Rd3 Qa5 13. f4 Bxc3 0-1

[Event "AUTO-MASTER-13"]
[Site "http://www.queenalice.com/game.php?id=42604"]
[Date "2005.12.9"]
[Round "2"]
[White "Willy"]
[Black "erasmus"]
[Result "1-0"]
[WhiteElo "1880"]
[BlackElo "1558"]

1. e4 e5 2. Nf3 Nf6 3. d3 Nc6 4. Be2 d5 5. Bg5 dxe4 6. Bxf6 Qxf6 7. dxe4 Bc5 8.
O-O O-O 9. Nbd2 Rd8 10. a3 Bg4 11. c3 Bxf3 12. Bxf3 Qh6 13. b4 Bf8 14. Ra2 1-0

[Event "05 Willy - Esepedazodefary"]
[Site "http://www.queenalice.com/game.php?id=65898"]
[Date "2006.4.28"]
[Round "-"]
[White "Willy"]
[Black "esepedazodefary"]
[Result "0-1"]
[WhiteElo "1893"]
[BlackElo "2089"]

1. e4 c6 2. f4 d5 3. e5 Bf5 4. Nf3 e6 5. d3 Be7 6. Be2 Qb6 7. a3 Nd7 8. b4 Nh6
9. d4 a5 10. bxa5 Qxa5+ 11. Bd2 Qa4 12. Nc3 Qxc2 13. a4 Qxd1+ 14. Bxd1 Nb6 15.
h3 Nc4 16. Bc1 Bb4 17. Bd2 Nxd2 18. Kxd2 c5 19. dxc5 d4 20. Nxd4 Rd8 0-1

[Event "AUTO-OPEN-94"]
[Site "http://www.queenalice.com/game.php?id=67147"]
[Date "2006.5.6"]
[Round "2"]
[White "Willy"]
[Black "tewald"]
[Result "1-0"]
[WhiteElo "1900"]
[BlackElo "1742"]

1. e4 e5 2. Nf3 Nc6 3. Bb5 Nf6 4. d3 d6 5. Bg5 Bd7 6. c3 Be7 7. Nbd2 h6 8. Bh4
g5 9. Bg3 Nh5 10. O-O Nxg3 11. fxg3 a6 12. Ba4 Bg4 13. h3 Be6 14. Bb3 Qd7 15.
Nh2 O-O-O 16. Bxe6 fxe6 17. Rf7 Rdf8 18. Qh5 Nd8 19. Rxf8 Bxf8 20. Rf1 Qe7 21.
Ng4 Qg7 22. Nc4 Rg8 23. Rf6 Rh8 24. b4 Be7 25. Rxh6 Rxh6 26. Qxh6 Bf8 27. Qxg7
Bxg7 28. Kf2 d5 29. Ncxe5 dxe4 30. d4 c6 31. Ke3 Kc7 32. Kxe4 Bxe5 33. Nxe5 Kd6
34. c4 b5 35. c5+ Ke7 36. h4 gxh4 37. gxh4 Kf6 38. g4 Kg7 39. g5 1-0

[Event "AUTO-OPEN-94"]
[Site "http://www.queenalice.com/game.php?id=67148"]
[Date "2006.5.6"]
[Round "2"]
[White "tewald"]
[Black "Willy"]
[Result "0-1"]
[WhiteElo "1753"]
[BlackElo "1889"]

1. e4 c5 2. d3 Nc6 3. Nf3 e6 4. g3 d5 5. Nbd2 Bd6 6. Bg2 Nge7 7. O-O O-O 8. Re1
dxe4 9. dxe4 Ng6 10. Nc4 Bc7 11. b3 e5 12. Bb2 Qe7 13. h4 Bg4 14. Qc1 f6 15. Nh2
Be6 16. h5 Nh8 17. Nf3 Qf7 18. Ne3 Qxh5 19. Nh2 Nd4 20. Qd1 Qh6 21. c3 Nc6 22.
Nhg4 Qg6 23. Bf3 h5 24. Nh2 h4 25. Neg4 hxg3 26. fxg3 c4 27. b4 b5 28. Bc1 a5
29. Kg2 axb4 30. Bb2 bxc3 31. Bxc3 b4 32. Bd2 Rfd8 33. Qc2 Nd4 34. Qd1 c3 35.
Be3 Bxa2 36. Nf2 c2 37. Qd3 Nxf3 38. Qxc2 Nxe1+ 39. Rxe1 Rdc8 0-1

[Event "04 MATCH CUB ARG 01"]
[Site "http://www.queenalice.com/game.php?id=70392"]
[Date "2006.5.21"]
[Round "-"]
[White "Willy"]
[Black "giha"]
[Result "1-0"]
[WhiteElo "1910"]
[BlackElo "1937"]

1. e4 e5 2. Nf3 Nc6 3. Bb5 a6 4. Ba4 Nf6 5. d3 b5 6. Bb3 d6 7. h3 Na5 8. Bg5
Nxb3 9. axb3 Be7 10. Nc3 O-O 11. Nxb5 Be6 12. Nc3 1-0

[Event "AUTO-OPEN-94"]
[Site "http://www.queenalice.com/game.php?id=76669"]
[Date "2006.6.15"]
[Round "3"]
[White "Willy"]
[Black "Duncan"]
[Result "0-1"]
[WhiteElo "1955"]
[BlackElo "2106"]

1. e4 e5 2. Nc3 Nf6 3. Bb5 c6 4. Be2 d5 5. d3 dxe4 6. Nxe4 Nxe4 7. dxe4 Qxd1+ 8.
Bxd1 Be6 9. Ne2 Nd7 10. O-O Bc5 11. h3 O-O-O 12. Ng3 Nb6 13. b3 Bd4 14. Rb1 f6
15. c4 Rd7 16. Nf5 Bxf5 17. exf5 Rhd8 18. Bf3 Kc7 19. a4 a5 20. g3 Nc8 21. Kg2
Ne7 22. g4 b6 23. Be4 Bc3 24. Be3 Bd2 25. Kf3 Bxe3 26. fxe3 Rd2 27. b4 axb4 28.
Rxb4 Ra2 0-1

[Event "AUTO-OPEN-94"]
[Site "http://www.queenalice.com/game.php?id=76670"]
[Date "2006.6.15"]
[Round "3"]
[White "Duncan"]
[Black "Willy"]
[Result "1-0"]
[WhiteElo "2113"]
[BlackElo "1945"]

1. e4 c5 2. Nf3 Nc6 3. d4 cxd4 4. Nxd4 e5 5. Nb5 d6 6. c4 a6 7. N5c3 Nf6 8. Be2
Nd4 9. f3 Be7 10. O-O Be6 11. Be3 Nxe2+ 12. Qxe2 O-O 13. Nd5 Bxd5 14. cxd5 Nh5
15. g3 Bg5 16. f4 exf4 17. gxf4 Bxf4 18. Bxf4 Nxf4 19. Rxf4 Qg5+ 20. Qg4 Qe5 21.
Nc3 Qd4+ 22. Kg2 Rae8 23. Rd1 Qb6 24. Rd2 h6 25. Rf3 Re5 26. h4 Qb4 27. Kh3 b5
28. Rg2 g5 29. Qh5 1-0